| 000 | 00000nam 2200000za 4500 |
| 001 | 9.800959 |
| 003 | CaOODSP |
| 005 | 20221107134716 |
| 007 | cr ||||||||||| |
| 008 | 160506s2015 onc o f000 0 eng d |
| 020 | |a978-0-660-02382-3 |
| 040 | |aCaOODSP|beng |
| 043 | |an-cn--- |
| 086 | 1 |aFo4-55/1-2015E-PDF |
| 245 | 00|aSustainable forestry management in Canada |h[electronic resource] : |bkey facts. |
| 260 | |a[Ottawa] : |bNatural Resources Canada, |cc2015. |
| 300 | |a[4] p. |
| 500 | |aIssued also in French under title: Aménagement forestier durable au Canada : faits importants. |
| 530 | |aIssued also in printed form. |
| 692 | 07|2gccst|aForest management |
| 692 | 07|2gccst|aSustainable development |
| 710 | 1 |aCanada. |bNatural Resources Canada. |bCanadian Forest Service. |
| 775 | 08|tAménagement forestier durable au Canada |w(CaOODSP)9.800960 |
| 776 | 0#|tSustainable forest management in Canada : |w(CaOODSP)9.802065 |
| 856 | 40|qPDF|s2.07 MB|uhttps://publications.gc.ca/collections/collection_2016/rncan-nrcan/Fo4-55-1-2015-eng.pdf |
| 986 | |aCatalog ID: 36171 |